Sports Quiz

Random Sports or NBA Quiz

3+ Word Sports Teams Quiz Stats

 Plays Quiz Updated Feb 18, 2020

     
Support Sporcle.
Go Orange.
Score 0/43 Timer 05:00
4 Plays Today
League Team % Correct
NFLNew York Giants
86%
MLBNew York Yankees
82.5%
MLBSan Francisco Giants
81.8%
NFLNew York Jets
81.3%
MLBNew York Mets
78.4%
MLBBoston Red Sox
77.5%
NBALos Angeles Lakers
76.2%
MLBChicago White Sox
75.4%
NBANew York Knicks
73.8%
MLBLos Angeles Dodgers
68.8%
NFLSan Francisco 49ers
67.2%
NBALos Angeles Clippers
66.2%
NHLNew York Rangers
64.9%
MLBTampa Bay Rays
64.8%
NFLLos Angeles Chargers
63.8%
NFLLos Angeles Rams
63%
MLBSt. Louis Cardinals
62.8%
MLBLos Angeles Angels
62.4%
MLBSan Diego Padres
61.9%
NHLNew York Islanders
60.1%
NFLNew England Patriots
59.2%
NFLTampa Bay Buccaneers
57.7%
League Team % Correct
NFLNew Orleans Saints
56.8%
NBASan Antonio Spurs
55.1%
NFLKansas City Chiefs
54.2%
MLBKansas City Royals
53.2%
NFLGreen Bay Packers
53.1%
NHLNew Jersey Devils
52.6%
NHLLos Angeles Kings
52.4%
NBAOklahoma City Thunder
52.2%
NBAGolden State Warriors
51.9%
MLBToronto Blue Jays
51.1%
NBANew Orleans Pelicans
47.1%
NHLVegas Golden Knights
46.5%
NHLDetroit Red Wings
46.2%
NHLTampa Bay Lightning
44.8%
NHLSt. Louis Blues
43.2%
NHLToronto Maple Leafs
41.8%
NHLSan Jose Sharks
41.7%
NFLWashington Football Team
39.6%
NHLColumbus Blue Jackets
36.4%
NBAPortland Trail Blazers
33.3%
NFLLas Vegas Raiders
21.5%

From the Vault

Populous Countries, Smaller Neighbors

by longboard

These countries are hogging all the people.
Remove Ads.
Support Sporcle.
Get the best of Sporcle when you Go Orange. This ad-free experience offers more features, more stats, and more fun while also helping to support Sporcle. Thank you for becoming a member.

Show Comments

Extras

Top Quizzes Today


Score Distribution

Your Account Isn't Verified!

In order to create a playlist on Sporcle, you need to verify the email address you used during registration. Go to your Sporcle Settings to finish the process.

Report this User

Report this user for behavior that violates our Community Guidelines.

Details: